The Husbands of River Song speech (Doctor Who) - Statistics

General Stats
  • This quiz has been taken 40 times
  • The average score is 233 of 279
Answer Stats
Hint Answer % Correct
a
100%
love
100%
You
100%
you
100%
you,
100%
you?
100%
back?
96%
back.
96%
Doctor
96%
Doctor.
96%
Doctor,
96%
he
96%
He
96%
him.
96%
River: I
96%
Doctor: River
96%
to
96%
am.
92%
and
92%
And
92%
But
92%
but
92%
does
92%
don't
92%
expect
92%
hell
92%
Doctor: Hello
92%
in
92%
is
92%
Flemming: Is
92%
it
92%
it.
92%
River: It's
92%
it's
92%
like
92%
loved
92%
loves.
92%
loves
92%
loving
92%
me.
92%
me
92%
me!
92%
never
92%
River: No,
92%
River: No
92%
not.
92%
not
92%
Flemming: So,
92%
stars
92%
Sweetie
92%
the
92%
River: The
92%
When
92%
who
92%
with
92%
with.
92%
woman
92%
River: Yes,
92%
are
88%
danger,
88%
enough,
88%
go
88%
Go
88%
has
88%
here.
88%
He's
88%
he's
88%
I've
88%
on
88%
on,
88%
or
88%
where
88%
come.
83%
denied
83%
doesn't
83%
I'm
83%
isn't.
83%
isn't!
83%
scan
83%
stupid
83%
sunset
83%
themselves.
83%
then
83%
then.
83%
will
83%
about
79%
admire
79%
assure
79%
certainly
79%
find
79%
if
79%
lying.
79%
Flemming: My
79%
now?
79%
now,
79%
said
79%
standing
79%
that
79%
that.
79%
think
79%
This
79%
this
79%
what
79%
Flemming: Your
79%
Flemming: You're
79%
you're
79%
around
75%
damn
75%
falling
75%
himself
75%
of
75%
Of
75%
people.
75%
right
75%
sentimental
75%
she
75%
ship.
75%
whoever
75%
already
71%
correct.
71%
dealing
71%
doing
71%
faintest
71%
giving
71%
haven't
71%
idea
71%
myself
71%
tell
71%
true.
71%
wants
71%
why
71%
won't.
71%
always
67%
can't
67%
just
67%
River: Oh,
67%
probably
67%
River: Well,
67%
whatever
67%
whole
67%
course
63%
fine
63%
let
63%
Flemming: She's
63%
hearts,
58%
information
58%
knows
58%
Majesty,
58%
miss
58%
River: Two
58%
form
54%
happen
54%
promise
54%
trick.
54%
clothes,
50%
God
50%
life
50%
moron.
50%
parsec!
50%
Flemming: Possibly
50%
anything
46%
bait.
46%
credible?
46%
small
46%
Cyborg: Confirmed.
42%
first
42%
perfect
42%
Flemming: Impossible.
33%
ordinary,
29%
No matching quizzes found
Score Distribution
Percent of People with Each Score
Percentile by Number Answered
Your Score History
You have not taken this quiz